Cliff-tón nie je policajt

Bibliographic Details
Main Author: -el- (Author)
Format: Article
Language:Slovak
Subjects:

MARC

LEADER 00000nab a2200000 a 4500
001 vtls000413250
003 SK-MaSNL
005 20260302234416.0
008 120925c1991 xo 0 slo
015 |a SNBRB19rr/mm-uuuuu 
035 |a CL0413375 
040 |a SNKBUCL  |b slo  |c SNKBUCL  |e AACR2 
041 0 |a slo 
044 |a xo  |c SK 
080 |a 78.071.2:784.66  |2 1981 
080 |a 784.66  |2 1981 
100 1 |a -el-  |4 aut  |9 55960 
245 1 0 |a Cliff-tón nie je policajt  |c -el- 
650 0 7 |a Cliff-tón (skupina hudobná slovenská)  |2 snkbucl  |9 969619 
655 7 |a články z novín a časopisov  |2 snkbucl  |9 267496 
773 0 |t Mladé rozlety  |g Roč. 5, č. 13 (1991), s. 28 
850 |a Slovenská národná knižnica v Martine  |a MTA001 
852 |a SNK  |b KIS3GCP 
958 |a RK 
992 |a RBX 
999 |c 1550421  |d 1552351